Statistics for US State Capitals That Are 10 Letters Long

Click here to take the quiz!

General Stats

  • This quiz has been taken 24 times
  • The average score is 6 of 9

Answer Stats

Answer% Correct
Sacramento
100%
Baton Rouge
82%
Carson City
76%
Little Rock
59%
Harrisburg
59%
Montgomery
59%
Providence
53%
Montpelier
47%
Charleston
29%

Score Distribution

Percentile by Number Answered

Percent of People with Each Score

Your Score History

You have not taken this quiz